000 00285nam a2200109Ia 4500
008 190919s9999||||xx |||||||||||||| ||und||
100 _aWayne Tomasi
245 0 _aIntroduction to Data Communications and Networking
260 _aNew Jersey
_bWilley
_c2000
300 _a278
942 _cBK
999 _c11326
_d11326